000 00739nam a22001337a 4500
008 110621t xxu||||| |||| 00| 0 eng d
010 _aCACAF69
245 _aCourt of Appeal Civil Application No. 108 OF 2003 Dr. S.B. Kinyatta and another Vs Subramanian Gopalan and another
260 _c2003
500 _aCoram: Hon. Justice G.M. Okello, JA Hon. Justice A. Twinomujuni, JA Hon. Justice C.N.B. Kitumba, JA
999 _c3481
_d3481